Missing Word: Bands A-Z III Quiz Stats

 Plays Quiz Updated Aug 24, 2014

Support Sporcle.
Go Orange.
Score 0/24 Timer 04:00
3 Plays Today
Hint Missing Word % Correct
The Spice _____Girls
98.2%
_____ Wind and FireEarth
95.2%
Pearl _____Jam
95%
_____ MaidenIron
94.3%
_____ DMCRun
87.1%
Crosby Stills and _____Nash
83%
_____ PunkDaft
77.1%
Florence + the _____Machine
75.5%
Stone _____ PilotsTemple
73.8%
Franz _____Ferdinand
70.3%
The Black _____Keys
66.3%
_____ MonkeysArctic
64.9%
Hint Missing Word % Correct
_____ ChungWang
60.3%
The Dave _____ FiveClark
59.2%
Rob _____Zombie
55.4%
Siouxsie Sioux and the _____Banshees
44.1%
Los _____ BoysLonely
37.3%
Iggy Pop and the _____Stooges
33.2%
_____ CityOwl
32.9%
Big Brother and the _____ CompanyHolding
31.8%
The _____ FursPsychedelic
30.9%
_____ the GiantYoung
26.4%
Richard Hell and the _____Voidoids
7.6%
Moving _____Units
3.7%

Today's Daily Dose

Word Ladder
Emancipation Day

Quick Pick
SNL Quotes

Get the Picture
June Holidays

You're not logged in!

Compare scores with friends on all Sporcle quizzes.
OR
Log In

From the Vault

Sports Mascot Blitz II

by Thebiguglyalien

Round third and head for home!
Remove Ads.
Support Sporcle.
Get the best of Sporcle when you Go Orange. This ad-free experience offers more features, more stats, and more fun while also helping to support Sporcle. Thank you for becoming a member.

Show Comments

Extras

Top Quizzes Today


Score Distribution

Your Account Isn't Verified!

In order to create a playlist on Sporcle, you need to verify the email address you used during registration. Go to your Sporcle Settings to finish the process.

Report this User

Report this user for behavior that violates our Community Guidelines.

Details: